| Tag |
First Indicator |
Second Indicator |
Subfields |
| LEADER |
00000cam a2200000 a 4500 |
| 001 |
in00000891794 |
| 005 |
20150923140952.0 |
| 007 |
hd afv---baca |
| 007 |
hz bfv---baaa |
| 008 |
830927s1661 miu a 00010 lat d |
| 035 |
|
|
|a (OCoLC)09955699
|
| 035 |
|
|
|9 AEL4763AM
|
| 037 |
|
|
|a CL0037000046
|b University Microfilms International
|
| 037 |
|
|
|b University Microfilms International, 300 N. Zeeb Rd., Ann Arbor, MI 48106
|
| 040 |
|
|
|a UMI
|c UMI
|d m/c
|d UtOrBLW
|
| 049 |
|
|
|a TXAI
|
| 090 |
|
|
|a BX5141
|b .R57
|
| 099 |
|
|
|a film
|a B
|a 3609
|
| 100 |
1 |
|
|a Ritschel, George,
|d 1616-1683.
|
| 245 |
1 |
0 |
|a Dissertatio de ceremoniis ecclesiæ anglicanæ :
|b qua usus earum licitus ostenditur & a superstitionis & idololatrie crimine vindicatur /
|c auctore Georgio Ritschel.
|
| 264 |
|
1 |
|a Londini :
|b Excudebat R. White, impensis Jos. Nevill,
|c 1661.
|
| 300 |
|
|
|a 11 unnumbered pages, 128 pages
|
| 336 |
|
|
|a text
|b txt
|2 rdacontent
|
| 337 |
|
|
|a microform
|b h
|2 rdamedia
|
| 338 |
|
|
|a microfilm reel
|b hd
|2 rdacarrier
|
| 500 |
|
|
|a Reproduction of original in the Union Theological Seminary Library, New York.
|
| 510 |
4 |
|
|a Wing
|c R1544.
|
| 533 |
|
|
|a Microfilm.
|b Ann Arbor, Mich. :
|c University Microfilms International,
|d 1983.
|e 1 microfilm reel ; 35 mm.
|f (Early English books, 1641-1700 ; 1366:5)
|
| 500 |
|
|
|a Microform.
|
| 610 |
2 |
0 |
|a Church of England
|x Customs and practices.
|
| 830 |
|
0 |
|a Early English books, 1641-1700 ;
|v 1366:5.
|
| 999 |
|
|
|a MARS
|
| 999 |
f |
f |
|s 78e98966-5d45-3300-b1ef-ae7f7ef70eb6
|i 8355ba51-d5e6-37af-8cda-a9df306f6ae4
|t 0
|
| 952 |
f |
f |
|p default
|a Texas A&M University
|b College Station
|c Sterling C. Evans Library
|d Evans: Microforms (3rd floor)
|t 0
|e film B 3609 1366:5
|h Other scheme
|i microform -- microfilm reel
|
| 998 |
f |
f |
|a film B 3609 1366:5
|t 0
|l Evans: Microforms (3rd floor)
|